| 000 | 02405cam a2200637 a 4500 | ||
|---|---|---|---|
| 001 | 20274 | ||
| 003 | VRT | ||
| 005 | 20260120142812.0 | ||
| 008 | 240226s1979 xo oa grnf 001 0 slo | ||
| 015 | _aSNBA1980 | ||
| 020 | _q(viazané) | ||
| 035 | _aSNK000052526 | ||
| 035 | _a38ACF93A-19DA-418D-814A-9D5834E77267 | ||
| 035 | _aurn:nbn:sk:snk-am00ij5m | ||
| 039 | 9 |
_a202412171333 _bAUTHORITY _c202402261455 _dVLOAD _c202305011819 _dVLOAD _c202304281420 _dVLOAD |
|
| 040 |
_aSNK _bslo _cSNK _eAACR2 |
||
| 041 | 1 |
_aslo _hger |
|
| 044 |
_axo _cSK |
||
| 072 | 7 |
_a58 _xBotanika _2konspekt |
|
| 080 |
_a582.85(035.5) _21981 |
||
| 080 |
_a582.661.56 _22011 |
||
| 080 |
_a635.914 _22011 |
||
| 080 |
_a635.9 _22011 |
||
| 080 |
_a635.9.018 _22011 |
||
| 080 |
_a(035) _22011 |
||
| 080 |
_a582.711.16 _22011 |
||
| 100 | 1 |
_aGrunert, Christian, _d1900-1975 _4aut |
|
| 240 | 1 | 0 |
_aKakteen und andere schöne Sukkulenten _lSlovensky |
| 245 | 1 | 0 |
_aKaktusy a iné sukulenty _cChristian Grunert, Georg Viedt, Hans-Günther Kaufmann ; [z nemeckého originálu Kakteen und andere schöne Sukkulenten ... preložili Ada Pagáčová a Mikuláš Krippel] |
| 250 | _a1. vyd. | ||
| 260 |
_aBratislava _bPríroda _c1979 _eDresden _fVölkerfreundschaft |
||
| 300 |
_a320 strán _bfotografie (niektoré farebné), ilustrácie _c25 cm |
||
| 366 | _e25000 výtl. | ||
| 490 | 1 | _aRastlinná výroba - Knižnica záhradkára | |
| 504 | _aBibliografia na strane 316. Zoznam botanických názvov rastlín | ||
| 650 | 0 | 7 |
_aokrasné rastliny _2SNKPH |
| 650 | 0 | 7 |
_apestovanie okrasných rastlín _2SNKPH |
| 650 | 0 | 7 |
_akaktusy _2SNKPH |
| 650 | 0 | 7 |
_asukulenty _2SNKPH |
| 655 | 7 |
_apríručky _2SNKPH |
|
| 700 | 1 |
_aViedt, Georg _4aut |
|
| 700 | 1 |
_aKaufmann, Hans-Günther, _d1935- _4aut |
|
| 700 | 1 |
_aPagáčová, Adela _4trl |
|
| 700 | 1 |
_aKrippel, Mikuláš _4trl |
|
| 830 | 0 | _aRastlinná výroba - Knižnica záhradkára | |
| 910 | _asnk | ||
| 942 |
_2ddc _cOLDO _n0 |
||
| 949 |
_62889061733 _asavukS 80151 |
||
| 949 |
_6270001000108734 _asvkbbB 6271 _bsvkbbm 368800 _p368.800 |
||
| 949 |
_617A0020144 _asnkSC 49439 D1 |
||
| 949 |
_6273K0157389 _asvkpoB 46277 _bsvkpo268279 |
||
| 949 |
_617A0825761 _asnkSC 49439 _bsnkKSP 4728/80 _s6100:20220527 |
||
| 949 |
_6270001000108732 _asvkbbB 6271 _bsvkbbm 363998 _p363.998 |
||
| 949 |
_6270001000108735 _asvkbbB 6271 _bsvkbbm 368801 _p368.801 |
||
| 999 |
_c20274 _d20274 |
||